| 000 | 00394 a2200133 4500 | ||
|---|---|---|---|
| 001 | 90916 | ||
| 082 | _aPR 1005 | ||
| 090 |
_c43050 _d43050 |
||
| 100 | _aWaqar Yousafzai; Prof KHalid Mehmood Tahir | ||
| 245 |
_aStress analysis of the F-7 Drag chute developmant hook in impact failure _n30th'A' EC |
||
| 260 |
_aKarachi _bNED University _c1989 |
||
| 300 | _av;43p | ||
| 500 | _aBE Project reports | ||
| 942 |
_aCAE NUST _kPR 1005 |
||
| 999 |
_c325989 _d325989 |
||